[Event "Candidates final"]
[Site "Elista"]
[Date "2007.06.08"]
[Round "2.3"]
[White "Aronian, Levon"]
[Black "Shirov, Alexei"]
[Result "1/2-1/2"]
[WhiteElo "2759"]
[BlackElo "2699"]
[Annotator "Krasenkow,M"]
[PlyCount "135"]
[EventDate "2007.06.06"]
[EventType "k.o."]
[EventRounds "6"]
[EventCountry "RUS"]
[SourceTitle "CBM 119"]
[Source "ChessBase"]
[SourceDate "2007.08.01"]
[SourceVersion "1"]
[SourceVersionDate "2007.08.01"]
[SourceQuality "1"]

1. d4 d5 2. c4 dxc4 3. e4 e5 4. Nf3 exd4 5. Bxc4 Nc6 6. O-O Be6 7. Bb5 Bc5 8.
b4 Bb6 9. a4 {This line was examined in CBM 74, annotations to
Ivanishevic-Sakalauskas.} a6 {Black should get rid of White's strong bishop.} (
9... a5 $6 {is less appropriate, e.g.} 10. bxa5 Rxa5 11. Ng5 (11. Nbd2 $144
Nge7 (11... Ra8 12. Ba3 Nge7 13. Ng5 Qd7 14. Ndf3 O-O 15. Ne5 Qe8 16. Bxc6 Nxc6
17. Nxc6 Qxc6 18. Bxf8 Rxf8 19. a5 Ba7 20. Nxe6 Qxe6 21. Qd3 c5 22. Rfc1 Re8
23. Rab1 $18 {1-0 Schrancz,I-Cottegnie,F/IECG 2004/Telechess 117 (36)}) 12. Ng5
O-O 13. Qh5 h6 14. Nxe6 fxe6 15. Nc4 Ra8 16. Bxh6 gxh6 17. Qxh6 Ba7 18. Ra3 d3
19. Nd2 Rf7 20. Rxd3 Qf8 21. Rg3+ Rg7 22. Bc4 Nd4 23. Bxe6+ Nxe6 24. Qxe6+ Qf7
25. Rxg7+ Kxg7 26. Qe5+ Qf6 27. Qxc7 $16 {1-0 Lafarga,D-Kulvietis,M/IECG 2002/
Telechess CBM 99 (35)}) 11... Qd7 12. Nd2 Nge7 13. Nxe6 $1 (13. f4 Bg4 14. Qb3
O-O 15. Nc4 d3+ 16. Kh1 Be2 17. Bb2 h6 18. Nxb6 cxb6 19. Qc3 Qd4 20. Qd2 Qd6
21. f5 Bxf1 22. Rxf1 $44 {1/2-1/2 Ivanisevic,I-Sakalauskas,V/Batumi 1999/CBM
074 (73)}) 13... Qxe6 14. Nc4 $14 O-O $5 (14... Ra8 15. Nxb6 cxb6 16. Qxd4) 15.
Nxa5 Nxa5 16. Ba3 c6 17. Bd3 c5 18. Rb1 Re8 19. Bb5 Rd8 20. Qc2 Rc8 21. Rfc1 c4
22. Qa2 Bd8 23. Bb4 Nec6 24. Bxc4 Nxc4 25. Qxc4 Qxe4 26. Re1 {1-0 Ushenina,
A-Korbut,E/St Petersburg 2004/CBM 101 ext}) 10. Bxc6+ bxc6 11. a5 (11. Bb2 $5
Nf6 (11... Qd6 12. Qd2 Rd8 13. Na3 Ne7 14. Rac1 O-O 15. Nc4 Bxc4 16. Rxc4 f5
17. e5 Qe6 18. Qd3 Rd5 19. a5 Ba7 20. Bxd4 c5 21. bxc5 Nc6 22. Re1 Rb8 23. Qc3
$14 {1-0 Kordts,W-Sakai,K/Chessfriend.com 2004/Telechess CBM 107 (41)}) 12. a5
$1 (12. Re1 d3 13. Ra3 Qe7 14. Rxd3 O-O 15. Nd4 {1/2-1/2 Schenk,A-Wichmann,C/
Germany 2005/EXT 2007}) 12... Ba7 {-game}) 11... Ba7 12. Bb2 (12. Qd3 Nf6 (
12... c5 $5 {A.Huzman}) 13. Bg5 h6 14. Bh4 g5 15. Bg3 O-O 16. Ne5 Bd7 $6 (16...
c5 $5 17. bxc5 Nd7 $132) 17. f4 c5 18. Nxd7 Nxd7 19. fxg5 hxg5 20. Rf5 Qe7 21.
Nd2 cxb4 22. Kh1 Nc5 23. Qc4 Ne6 24. Raf1 $44 {1-0 Ushenina,A-Kalinina,L/
Alushta 2005/CBM 106 ext (37) ->}) 12... Nf6 $1 $146 {[%mdl 8]} (12... Ne7 $6 {
[%csl Re7]} 13. Bxd4 Bxd4 14. Nxd4 Bc4 15. Re1 Rb8 16. Qd2 Qd6 17. Na3 Qxb4 18.
Qg5 (18. Nxc4 Qxc4 19. Nf5 $1 $16) 18... O-O 19. Ndc2 f6 20. Qg3 Qa4 21. Qxc7
Ng6 22. Ne3 Bf7 23. Nac4 Qb4 24. Nd6 $16 {1-0 Melkumyan,H-Shanmugam,R/Batumi
GEO 2006/The Week in Chess 625 (39)}) 13. Nxd4 Bxd4 14. Bxd4 Nxe4 (14... Rb8 $5
) 15. Bxg7 (15. Re1 Qd5 $6 (15... Nf6 $142 $11) 16. Qd3 c5 17. Rxe4 cxd4 18.
Nc3 Qb3 19. Rxd4 O-O 20. Qd2 c5 21. bxc5 Rab8 22. h3 Qb7 23. Nd5 $16 {1-0
Onischuk,A-Nisipeanu,L/Foros UKR 2007/CBM119 (57)}) 15... Rg8 16. Be5 (16. Qc2
Rxg7 (16... Qd5 $5 17. Rd1 Qc4) 17. Qxe4 Kf8 {[%cal Re6d5,Re6h3]} 18. g3 Rg4
19. f4 Qf6 $132) 16... Bh3 $6 {Black liquidates to an endgame in which he must
be careful to equalize. He had other options like} (16... Bd5 17. Bg3 Qf6 {or})
(16... Rb8) 17. Bg3 Nxg3 18. hxg3 Qxd1 19. Rxd1 Be6 20. Nc3 (20. Ra3 Rb8 (20...
Rg4 21. f4 Rb8 22. Re3 $1) 21. Rc3 Rg4 22. Rxc6 (22. f4 Rxb4 23. Rxc6 Rxg3 24.
Rxa6 Rb2) 22... Rgxb4 23. Nc3 Rc4 24. Rxc4 Bxc4 25. f3 $11) 20... Rg4 21. Rab1
Rb8 22. f4 Bf5 23. Rb2 Rxg3 24. Na4 Kf8 25. Nc5 Ra8 {White's strong knight
compensates for Black's extra pawn but not much more. The position is quite
open and the black bishop is strong.} 26. Kf2 Rc3 27. Rbd2 Rc4 28. Rd4 Rxd4 29.
Rxd4 Ke7 {[%mdl 4096]} 30. Rd1 Be6 31. Re1 Kf6 32. Re5 h6 33. g3 Bc4 34. Nd7+
Kg7 35. Re7 Rd8 $2 (35... Rc8 $1 {[%cal Rc4e6] was a solid and accurate
defense.} 36. f5 (36. Ke3 $140 Be6 37. Kd4 $4 Rd8) 36... h5 37. Ke3 Rg8 {-game}
) 36. Ke3 $2 {Here and later White misses} (36. Ne5 Rd2+ 37. Ke3 Rd1 38. Rxc7
$16) 36... h5 $2 (36... Rc8) 37. f5 $2 (37. Ne5) 37... Rg8 $1 {This
counterplay is now necessary.} 38. Re4 (38. Kd4 Ba2 39. Ke5 (39. Nc5 Kf6 40.
Rxc7 Rg4+) 39... Kh6 $1 40. Kf6 (40. Nc5 Rxg3 41. Rxc7 Bd5 42. Nxa6 h4 43. Rc8
$1 h3 (43... Kh7 $2 44. Nc7 {[%cal Yc7e8,Ye8f6]}) 44. Nc7 $1 Bc4 $1 45. Rh8+
Kg5 46. a6 Ra3 $11) 40... Rd8 $1 (40... Rxg3 41. Re8 Rg7 42. Rh8+ Rh7 43. Rg8
$18 {[%cal Rd7f8]}) 41. Nc5 Rd6+ 42. Ke5 f6+ 43. Ke4 Rd1 44. Rxc7 Bd5+ 45. Ke3
Rg1 $132) 38... Bb5 (38... Bd5 $5 {[%cal Yg7h6]}) 39. Rh4 Rd8 40. Nc5 Kh6 41.
Kf4 Be2 42. Rh2 Bb5 43. Ke5 Kg5 44. Ne4+ Kg4 45. Kf6 Kf3 46. Rh4 Bd3 (46... Rd7
$5) 47. Nc5 Kxg3 48. Rxh5 Bc4 49. Rh1 Rb8 $2 {Succumbing to pressure.} (49...
Kg4 $1 50. Rc1 Rd4 51. Ke5 Rf4 52. Rg1+ Kf3 {and White can't improve his
position.}) 50. Rd1 $1 {[%cal Rd1d4]} Rxb4 51. Rd4 {An extremely dangerous pin.
} Kf3 52. Nxa6 $6 {Obvious but not the best! White misses a nice winning
manoeuvre:} (52. Re4 $22 Ra4 53. Rh4 Kg3 (53... Rb4 54. Nxa6) 54. Rd4 $1 Rb4
55. Ne4+ (55. Nxa6 c5 56. Nxc5 $18) 55... Kf3 56. Nd2+ $18) 52... c5 $1 {
This now gives Black drawing chances.} 53. Nxc5 Ke3 54. Rh4 Kd2 55. Na6 (55.
Ke5 $5 {was very dangerous but Black apparently held on after} Kc3 56. Rh3+ Kc2
(56... Kb2 $2 57. a6 f6+ 58. Kxf6 Rb5 59. Na4+ $18) 57. a6 f6+ $1 58. Kxf6 Rb5
$1 59. a7 (59. Ne6 Rb6 60. a7 Ra6 61. Ke5 Rxa7 62. Kd4 Ba2 63. Nc5 Ra8 64. Rh2+
Kd1 65. Nd3 Rd8+ 66. Kc3 $140 Rxd3+) 59... Ra5 60. Ne4 $1 Bd3 $1 (60... Bd5 61.
Rc3+ Kb2 62. Rc5 $1 Ra6+ 63. Nd6 $3 $18) 61. Rh2+ Kb3 (61... Kc1 62. Nc5 $1 $18
) 62. Nc5+ Kc4 63. Nxd3 Kxd3 64. Kg6 Rxa7 65. Rh7 (65. f6 c5) 65... Ra6+ 66. f6
c5 $11) 55... Ra4 56. Nxc7 Kd3 $1 57. a6 Ra5 $1 {Black's pieces are very
active.} 58. Rf4 Kc3 59. Ke7 Rc5 $2 ({After} 59... Kd3 60. f6 Ra1 {White can
hardly improve his position, e.g.} 61. Rh4 (61. Rxc4 Kxc4 62. Kxf7 Kc5 {
[%cal Yc5b6]}) 61... Kc3 62. Rh8 Kd4 63. Ra8 Ke5 64. Rb8 Kf5 $1 65. Rb6 Kg6 66.
Rc6 Bd3) 60. Kd6 Ra5 61. f6 $2 {Missing a lucky chance:} (61. Kc6 $1 Bxa6 62.
Kb6 Re5 63. Nxa6 Kd3 64. Nb4+ Ke3 65. Rf1 $18 Ke2 $140 66. Re1+ $1) 61... Bxa6
62. Nxa6 Rxa6+ {In the rook endgame Black finds the only but sufficiend way to
a draw.} 63. Ke7 Ra7+ 64. Kf8 Kd3 65. Rh4 Ke3 66. Rh7 Kf4 $1 67. Rxf7 Ra6 68.
Kg7 (68. Kg7 Kg5 $11) 1/2-1/2

[Event "Olympiad-29"]
[Site "Novi Sad"]
[Date "1990.11.29"]
[Round "11"]
[White "Lautier, Joel"]
[Black "Adianto, Utut"]
[Result "1-0"]
[WhiteElo "2570"]
[BlackElo "2495"]
[Annotator "Lautier,J"]
[PlyCount "145"]
[EventDate "1990.11.17"]
[EventType "team-swiss"]
[EventRounds "14"]
[EventCountry "YUG"]
[SourceTitle "CBM 022"]
[Source "ChessBase"]
[SourceDate "1991.06.01"]
[SourceVersion "1"]
[SourceVersionDate "1991.06.01"]
[SourceQuality "1"]
[WhiteTeam "France"]
[BlackTeam "Indonesia"]
[WhiteTeamCountry "FRA"]
[BlackTeamCountry "INA"]

1. d4 d5 2. c4 dxc4 3. e4 Nf6 4. e5 Nd5 5. Bxc4 Nc6 6. Ne2 Nb6 7. Bd3 Be6 8.
Nbc3 g6 $6 {N} 9. Be4 $1 Bc4 (9... Nd5 10. Nf4 $1 (10. Bxd5 Bxd5 11. Nf4 e6 (
11... Bc4 $2 12. Qa4 $1 $16) 12. Nfxd5 exd5 13. Be3 Na5 $14) 10... Nxf4 11.
Bxf4 Nxd4 12. Bxb7 Rb8 13. Be4 Rxb2 14. O-O {with the idea Qa4 +/-}) 10. Be3 e6
(10... Bg7 11. b3 Ba6 12. h4 Qd7 (12... h5 13. Nf4 {with the threat Ng6 +/-}) (
12... O-O 13. h5 Nb4 14. hxg6 hxg6 15. Nf4 $18 {with a winning attack.}) 13. h5
O-O-O 14. h6 Bf8 15. d5 $1 Nxe5 16. Qd4 f6 17. Nf4 Ng4 (17... c6 18. Rc1 Kb8
19. Na4 $18) 18. Ne6 Nxe3 19. fxe3 Re8 20. a4 $18) (10... Qd7 11. b3 Ba6 12. h4
$16) 11. h4 $1 $16 Qd7 (11... Nd5 12. h5 Bg7 (12... Rg8 13. hxg6 hxg6 14. Rh7
$16) 13. Qa4 $1 Bxe2 (13... Ba6 14. Bxd5 exd5 15. Nf4 $16) 14. Kxe2 Qd7 15.
hxg6 hxg6 (15... fxg6 16. Rxh7 $18) 16. Rxh8+ Bxh8 17. Rh1 O-O-O 18. Rh7 $16)
12. h5 O-O-O 13. hxg6 fxg6 14. a3 $1 Nd5 15. Nxd5 Bxd5 16. Qd3 Ne7 17. Bg5 $1
h6 $8 18. Rd1 Bxe4 19. Qxe4 Rg8 20. Bf6 Re8 21. Bxe7 Qxe7 22. Rd3 $1 Rd8 23.
Qg4 $6 (23. O-O g5 24. Rc1 Rg7 (24... h5 $2 25. Rb3 c6 26. Rxc6+ bxc6 27. Qxc6+
Qc7 28. Qxe6+ $18) 25. b4 $16) 23... Kb8 24. Nf4 $6 (24. O-O $16) 24... Re8 25.
Rf3 $6 (25. d5 $6 exd5 26. Nxd5 Qf7 (26... Qxe5+ $4 27. Re3 Bb4+ 28. Nxb4 $18)
27. O-O Bg7 (27... Rxe5 $5 28. Nb6 axb6 (28... cxb6 $4 29. Rd8+ Kc7 30. Qc8#)
29. Rd8+ Ka7 30. Qc8 (30. Qa4+ $2 Ra5) 30... Ka6 (30... b5 $2 31. Qa8+ (31. Rd7
$2 Bd6 $1 $19) 31... Kb6 32. b4 {/\ Rb8, Qa5 +/-}) 31. a4 Ka5 {unclear.}) 28.
f4 g5 $1 {with the idea 29...gf4 30.Rf4 Be5!} 29. fxg5 Qg6 30. Qf5 Bxe5 $10) (
25. Nxg6 Qf7 26. Rg3 c5 {with good compensation.}) (25. O-O Qf7 26. Rf3 (26. d5
$6 exd5 27. Rxd5 (27. e6 Qf5 28. Qxf5 gxf5 29. Rxd5 (29. Nxd5 $6 Bg7 30. Re1
Bxb2 $15) 29... Bd6 $10) 27... g5 28. Qh5 (28. Rfd1 $2 Bg7) 28... Qxh5 (28...
Rg7 $2 29. Rfd1 $16) 29. Nxh5 Bg7 $10) 26... Qf5 $14) 25... c5 $1 26. dxc5 (26.
Nxg6 Qh7 27. Rf6 (27. Nxf8 $4 Qb1+ $19) 27... cxd4 28. O-O Bc5 {unclear.})
26... Qxc5 27. Nd3 Qd5 $15 {>< Nd3} (27... Qa5+ $6 28. Ke2 $14) 28. O-O h5 29.
Qa4 Rc8 30. Re1 $1 g5 $5 {Zeitnot} (30... Bh6 31. Qe4 Rgd8 $10) 31. Qe4 {
Zeitnot} Qd7 (31... Rd8 $2 32. Qxd5 Rxd5 33. Ree3 $1 Bc5 34. Nxc5 Rxc5 35. Rf6
$16) 32. Rfe3 g4 $2 (32... Be7 $15) 33. Nf4 {>< e6} Bc5 34. Rd3 Qf7 35. g3 $2 (
35. Red1 Rg7 36. Rd8 $16 g3 $2 37. Rxc8+ Kxc8 38. Rc1 Qc7 39. Nd3 Bxf2+ 40. Kf1
$18 (40. Kh1 $4 Qxc1+ $1 41. Nxc1 Rg4 $19)) 35... h4 36. Kg2 Rh8 $2 (36... hxg3
37. Rxg3 (37. fxg3 $6 Bb6 $17) 37... Rcf8 38. Nd3 $15) 37. Red1 h3+ $2 (37...
Rh7 38. gxh4 $16) 38. Kh2 $18 Rh7 39. R1d2 Rg7 40. Rc3 $1 Qe8 41. Rdc2 Rgc7 42.
Nd3 Bb6 43. Rxc7 Rxc7 44. Rxc7 Kxc7 45. Qxg4 Qc6 46. Qg7+ Kc8 47. Qf8+ (47.
Kxh3 $4 Qh1+ 48. Kg4 Qd1+ $19) 47... Kc7 48. Qf7+ Kb8 49. Qf8+ Kc7 50. Qf7+ Kb8
51. Kxh3 a5 (51... Qh1+ 52. Kg4 Qe4+ (52... Qd1+ 53. Qf3 $18) 53. Nf4 Bxf2 54.
Qf8+ Kc7 55. Qd6+ Kc8 56. Qxe6+ $18) 52. Nf4 $1 Qf3 (52... Bxf2 53. Nxe6 $18)
53. Qxe6 Qxf2 (53... Bxf2 54. Qd6+ Ka7 55. Qd3 $18) 54. b3 Be3 55. Qd6+ Ka7 56.
e6 Bc5 57. Qd5 Qe3 58. a4 Bb4 59. Kg4 Qc3 60. Qd3 Qg7+ 61. Kf3 Bc5 62. Nd5 Qf8+
63. Nf4 Qg7 64. Qc4 Qe5 65. Kg4 Qg7+ 66. Kf5 $1 Qh7+ 67. Ke5 Bf2 68. g4 Qh8+
69. Kf5 Bd4 (69... Qh7+ 70. Ng6 $18) 70. Qc7 $1 Qf6+ 71. Ke4 Bc3 72. Qc5+ Ka6
73. e7 1-0

[Event "ARM-ch 72nd"]
[Site "Yerevan"]
[Date "2012.01.15"]
[Round "5"]
[White "Pashikian, Arman"]
[Black "Babujian, Levon"]
[Result "1-0"]
[WhiteElo "2608"]
[BlackElo "2474"]
[Annotator "Let's Check"]
[PlyCount "108"]
[EventDate "2012.01.11"]
[EventType "tourn"]
[EventRounds "11"]
[EventCountry "ARM"]
[EventCategory "13"]
[SourceTitle "CBM 147"]
[Source "ChessBase"]
[SourceDate "2012.03.16"]
[SourceVersion "1"]
[SourceVersionDate "2012.03.16"]
[SourceQuality "1"]

1. d4 d5 2. c4 dxc4 3. e4 e5 4. Nf3 exd4 5. Bxc4 Nc6 6. O-O Be6 7. Bb5 Bc5 8.
b4 Bb6 9. a4 a6 10. Bxc6+ bxc6 11. Bb2 Nf6 12. a5 Ba7 13. Bxd4 Nxe4 14. Bxa7
Qxd1 15. Rxd1 Rxa7 16. Ne5 Bd5 17. f3 Nd6 18. Nc3 f6 19. Nxd5 fxe5 20. Nc3 Rb7
21. Rab1 Ke7 22. Re1 Nf7 23. Ne4 Rhb8 24. Rbc1 Rxb4 25. Rxc6 Rb1 26. Rxb1 Rxb1+
27. Kf2 Rb2+ 28. Kg3 Kd7 29. Rxa6 Nd8 30. Nc5+ Ke7 31. Ra8 Rc2 32. Nd3 Nc6 33.
a6 e4 34. Nf4 exf3 35. gxf3 Ra2 36. Nd5+ Kd6 37. Nc3 Ra5 38. Ne4+ Kd5 39. h4
Ra3 40. h5 Nd4 41. Nd2 Kc6 42. Kg4 Ra4 43. Ne4 Ne6 44. a7 Kd7 45. Kg3 Ra3 46.
Nd2 Ra6 47. Nc4 Ke7 48. Ne5 Kd6 49. f4 Ra3+ 50. Kg4 Ra4 51. Nd3 g5 $2 (51...
Ke7 52. Kg3 Ra3 $11) 52. Nb2 $18 Ra2 53. f5 Rxb2 54. fxe6 Rb4+ 1-0

[Event "EU-ch 13th"]
[Site "Plovdiv"]
[Date "2012.03.21"]
[Round "2"]
[White "Volkov, Sergey"]
[Black "Alekseenko, Kirill"]
[Result "0-1"]
[WhiteElo "2623"]
[BlackElo "2367"]
[Annotator "Let's Check Training"]
[PlyCount "58"]
[EventDate "2012.03.20"]
[EventType "swiss"]
[EventRounds "11"]
[EventCountry "BUL"]
[SourceTitle "CBM 148"]
[Source "ChessBase"]
[SourceDate "2012.05.16"]
[SourceVersion "1"]
[SourceVersionDate "2012.05.16"]
[SourceQuality "1"]

1. d4 d5 2. c4 dxc4 3. e4 Nf6 4. e5 Nd5 5. Bxc4 Nb6 6. Bd3 Nc6 7. Ne2 Bg4 8.
Be3 Qd7 9. Nbc3 O-O-O 10. Be4 Bf5 11. O-O Bxe4 12. Nxe4 e6 13. a3 Be7 14. b4 f6
15. exf6 gxf6 16. Rc1 a6 17. Qb3 Rhg8 18. g3 Nd5 19. N4c3 h5 20. b5 axb5 21.
Nxb5 Kb8 22. Rc2 Ncb4 $6 (22... h4 23. Bd2 hxg3 $11) 23. Qa4 $6 (23. axb4 Qxb5
24. Ra1 $16) 23... Na6 $11 24. Rb1 h4 25. Qa5 hxg3 26. hxg3 $6 (26. Nxg3 Nxe3
27. fxe3 $15) 26... Rh8 $19 27. Nf4 $6 (27. Qd2 Rh5 28. Rcb2 $19) {[%tqu "En",
"","","","e7b4","",10]} 27... Bb4 $1 $19 28. Nxc7 Bxa5 29. Nxa6+ Ka8 0-1

[Event "EU-ch 12th"]
[Site "Aix les Bains"]
[Date "2011.03.23"]
[Round "2"]
[White "Moiseenko, Alexander"]
[Black "Gozzoli, Yannick"]
[Result "1-0"]
[WhiteElo "2673"]
[BlackElo "2543"]
[Annotator "Marchand,A/Primel,D"]
[PlyCount "67"]
[EventDate "2011.03.22"]
[EventType "swiss"]
[EventRounds "11"]
[EventCountry "FRA"]
[SourceTitle "CBM 142 Extra"]
[Source "ChessBase"]
[SourceDate "2011.06.27"]
[SourceVersion "1"]
[SourceVersionDate "2011.06.27"]
[SourceQuality "1"]
[TimeControl "40/5400+30:1800+30"]

1. d4 d5 2. c4 dxc4 3. e3 (3. e4 e5 (3... Nf6 4. e5 Nd5 5. Bxc4 Nb6 6. Bb3 Nc6
7. Be3 Bf5 8. Ne2 e6 9. Nbc3 Be7 10. O-O O-O 11. a3 (11. Ng3 Bg6 12. f4 $14 {
[%cal Gf4f5]})) 4. Nf3 Bb4+ 5. Nc3 exd4 6. Nxd4 Ne7 7. Bxc4 Nbc6 8. Be3 O-O) (
3. Nf3 c5 4. e4 cxd4 5. Bxc4 Nc6 6. O-O e5 7. Ng5 Nh6 8. f4 Be7 $2 (8... f6) 9.
Qh5 O-O {Piskov,Y (2400)-Dragomarezkij,E (2325) Moscow-ch 1989 1-0}) 3... e5 (
3... Nf6 4. Nf3 e6 5. Bxc4) 4. Bxc4 Nc6 $5 (4... exd4 {La grande ligne}) 5. Nf3
(5. d5 $5 Na5 6. Qa4+ c6 $13) (5. Ne2 Nf6) 5... e4 (5... exd4 6. exd4 Bb4+) 6.
Nfd2 Qg5 7. g3 Nf6 (7... Bf5 $5 {[%cal Ge8c8]} 8. Qb3 O-O-O 9. Bxf7 Nb4 {
[%cal Gb4d3]} 10. Bc4 Nh6 $6 {Petrisor,A (2383)-Safronov,K (2017) EU-ch 13th
Plovdiv 2012 (2) 1-0} (10... Nf6 $1 {Plus naturel} 11. O-O h5 $44 {[%csl Rg1,
Gh8][%cal Gh5h4]})) 8. Nc3 Bb4 9. O-O $146 (9. Qc2 Bf5 {Skembris,S (2469)
-Rozentalis,E (2567) Bad Woerishofen op 24th 2008 (9) 0-1}) 9... Bxc3 10. bxc3
O-O 11. Ba3 Re8 12. Rb1 a6 13. Re1 h5 $1 {[%csl Rg1] Malgré le retard de
développement, l'affaiblissement des cases Blanches donne du contre-jeu aux
Noirs а l'aile-roi} 14. f4 Qg6 15. Kh1 b5 16. Bf1 Bg4 17. Qc2 Ne7 {[%cal Ge7f5]
} 18. Bxe7 $1 Rxe7 19. c4 c6 20. a4 Rc8 21. Bg2 h4 {Prématuré} (21... Bf5 {
[%csl Ge4][%cal Gg6g3]} 22. axb5 axb5 23. cxb5 cxb5 24. Qb3 h4 $132) 22. h3
hxg3 23. hxg4 Qh6+ (23... Qxg4) 24. Kg1 Qh2+ 25. Kf1 Nxg4 26. Nxe4 Rce8 (26...
bxa4 $13 {[%csl Rf1]}) 27. cxb5 cxb5 28. axb5 f5 29. b6 fxe4 30. Qc5 Nf2 31. b7
Nh3 32. Qd5+ Rf7 33. b8=Q Qg1+ 34. Ke2 1-0

[Event "Baku FIDE GP"]
[Site "Baku"]
[Date "2014.10.14"]
[Round "11"]
[White "Mamedyarov, Shakhriyar"]
[Black "Kasimdzhanov, Rustam"]
[Result "1/2-1/2"]
[WhiteElo "2764"]
[BlackElo "2706"]
[Annotator "Marin,M"]
[PlyCount "61"]
[EventDate "2014.10.02"]
[EventType "tourn"]
[EventRounds "11"]
[EventCountry "AZE"]
[EventCategory "21"]
[SourceTitle "CBM 163"]
[Source "ChessBase"]
[SourceDate "2014.11.11"]
[SourceVersion "1"]
[SourceVersionDate "2014.11.11"]
[SourceQuality "1"]

1. d4 d5 2. c4 dxc4 3. e4 b5 4. a4 c6 5. axb5 cxb5 6. Nc3 a6 7. Nxb5 axb5 8.
Rxa8 Bb7 9. Ra1 e6 10. Nf3 Nf6 11. Be2 Bb4+ $146 (11... Nxe4 {Hammer,J (2647)
-Edouard,R (2670) England 2014 CBM 160 [Edouard,R] (0-1, 30)}) 12. Bd2 Bxd2+
13. Qxd2 Nxe4 14. Qb4 Qd5 15. Ra5 (15. O-O $5 Nc6 16. Qa3 Nd6 $44) 15... Nd6
$44 16. Ne5 $6 (16. Qc5 Nc6 17. Ra1 O-O $44) 16... Qxd4 17. Rxb5 Nxb5 $6 (17...
Na6 18. Qa5 O-O 19. Rxb7 (19. Rb6 Nc5 $40) 19... Nxb7 20. Qc3 (20. Qxa6 Qxe5
$17 21. Qxb7 $2 Qa5+ 22. Kd1 Qa1+ 23. Kc2 Qxh1 $19) 20... Qe4 21. Nxc4 Rc8 $36)
18. Qxb5+ Nd7 19. Nxc4 (19. Qxb7 Qxe5 20. Qc8+ Ke7 21. Qxh8 Qa5+ 22. Kd1 Qa1+
23. Kc2 Qxh1 24. Qxg7 Qxh2 25. Qg5+ $44) 19... Bd5 20. Ne3 Ke7 21. Qxd5 Qxd5
22. Nxd5+ exd5 23. Kd2 Rb8 24. Kc2 Ne5 $11 25. Ra1 Nc6 26. Kc3 d4+ 27. Kc2 d3+
28. Bxd3 Nb4+ 29. Kc3 Nxd3 30. Kxd3 Rxb2 31. Ke4 1/2-1/2

[Event "Metz op 31th"]
[Site "Metz"]
[Date "2013.04.21"]
[Round "2"]
[White "Jankovic, Alojzije"]
[Black "Donchenko, Alexander"]
[Result "1/2-1/2"]
[WhiteElo "2537"]
[BlackElo "2428"]
[Annotator "Metz Alekhine/Primel,D"]
[PlyCount "81"]
[EventDate "2013.04.20"]
[EventType "swiss"]
[EventRounds "9"]
[EventCountry "FRA"]
[SourceTitle "EXT 2016"]
[Source "ChessBase"]
[SourceDate "2015.10.08"]
[SourceVersion "1"]
[SourceVersionDate "2015.10.08"]
[SourceQuality "1"]
[TimeControl "40/5400:1800+30"]
[WhiteClock "1:30:00"]
[BlackClock "1:30:00"]

1. d4 d5 2. c4 dxc4 3. e4 e5 (3... b5 4. a4 c6 5. axb5 cxb5 6. Nc3 a6 7. Nxb5
axb5 8. Rxa8 Bb7 9. Ra1 e6 10. Be2 (10. f3 Nc6 11. Be3 Bb4+ {R Edouard})) (3...
Nf6 4. e5 Nd5 5. Bxc4 Nb6 6. Bd3 Nc6 7. Be3 Nb4 8. Be4 f5 9. a3 fxe4 10. axb4
e6 11. Nc3 Bxb4 12. Qh5+ g6 13. Qg4 Bxc3+ 14. bxc3 Qd5 15. Ne2 Bd7 16. O-O Qc4
17. Ng3 Bc6 18. Ra5 (18. Qh4 $5 O-O 19. Bh6 Rf7 20. Rxa7 $1 {[%cal Gh4d8] Giri}
)) 4. Nf3 exd4 5. Bxc4 Bb4+ 6. Nbd2 (6. Bd2 Bxd2+ 7. Nbxd2 Nc6 8. O-O Qf6 9. b4
{[%cal Gb4b5]} a6 10. a4 (10. Re1) 10... Nxb4 11. e5 $44 {Gurevich,M (2585)
-Meins,G (2465) Groningen op 1997 (7) 1-0}) 6... Nc6 7. O-O Nf6 8. e5 Nd5 9.
Nb3 (9. a3) 9... Nb6 10. Bb5 Qd5 11. Bxc6+ bxc6 (11... Qxc6 12. Nbxd4 Qd5 13.
Qc2 {Dokhoian,Y (2540)-Christensen,T (2300) Copenhagen op 1991 (3) 1/2}) 12.
Qxd4 c5 $146 (12... Qxd4 13. Nfxd4 Bd7 {Wojtaszek,R (2630)-Degraeve,J (2558)
FRA-chT Top 16 GpA 2009 (4) 1/2}) 13. Qxd5 Nxd5 14. a3 $1 c4 15. axb4 (15. Nbd4
Bc5 16. Re1 O-O 17. Bg5 Bg4 (17... Ba6 18. Rad1) 18. Rac1 (18. h3)) 15... cxb3
16. Bd2 O-O 17. Nd4 Bd7 18. Rfc1 Rfb8 19. Rc5 $36 {[%csl Ra7][%cal Gc5a5] La
faiblesse b4 est utilisée de manière dynamique par le GMI} Nxb4 20. Rxc7 Be8
21. Rcxa7 Rxa7 22. Rxa7 Nc6 23. Nxc6 Bxc6 {En gardant les R, les Blancs ont
des petites chances de valoriser le P supplémentaire} 24. f4 (24. Rc7 Be4)
24... g6 25. g4 {[%cal Gf4f5] Un coup indispensable pour préparer la poussée
f4f5 mais la centralisation du K Blanc prend du retard et l'allemand va
réussir à activer ses pièces.} (25. Kf2 Rd8 26. Bc3 Rd1 27. e6 {[%csl Rg8]})
25... Rd8 26. Bc3 Rd3 27. Rc7 Bd7 $44 {[%csl Rg1]} 28. Rb7 Kf8 29. Bb4+ Kg7 30.
Be7 {[%cal Ge7f6]} Bxg4 31. Bf6+ Kh6 32. Rxf7 Be6 33. Re7 Bf5 34. Kf2 (34. e6
$5 Re3 35. Kf2 (35. Bg5+ {[%cal Ge7h7]}) 35... Rh3 36. Bg5+ Kh5 37. Rxh7+ Kg4
38. Rxh3 Kxh3 39. e7 Bd7 40. Ke3 Kxh2 41. Kd4 $18 {[%cal Gd4f6,Gf6f7]}) 34...
Rd7 $1 {Tentant de transposer dans une finale de B de couleurs opposées} 35.
Rxd7 Bxd7 36. Ke3 Kh5 37. Kd4 Kg4 $11 38. Kd5 {[%cal Ge5e6]} Kf5 39. Bg5 Be6+
40. Kd6 h5 41. Kc5 1/2-1/2